| 000 | 00520nam a2200181Ia 4500 | ||
|---|---|---|---|
| 001 | 58098 | ||
| 008 | 141201n ii |||gr||||Z||||||465 | ||
| 020 | _a3203/EL | ||
| 082 | _a631.2 | ||
| 100 |
_aVyas, _eV.S., |
||
| 245 | 0 |
_aPolicies for Agricultural Development _cEd- V.S. Vyas& Pradeep Bhargava _hTextual Documents |
|
| 260 |
_aRajasthan _bRawat Publications |
||
| 300 |
_a292p: _c23cm. |
||
| 653 | _aPolicies-Agricultural Development | ||
| 653 | _aG-Agriculture | ||
| 700 |
_aBhargava, _ePradeep. |
||
| 942 |
_2ddc _cBK |
||
| 999 |
_c57997 _d57997 |
||